000 00624nam a2200229Ia 4500
001 15970
003 GE_BSU
008 181216s||||||||xx |||||||||||||| ||und||
040 _cGE_BSU
080 _a821.353.1-1
100 _aჯალაღონია, ნოდარ
245 _aხმა
245 _bლექსები
245 _cრედ.ნ.ჯალაღონია. მხ.თ.გოცაძე
260 _aთბილისი
260 _bმერანი
260 _c1972
300 _a87გვ. ; 16სმ
653 _aლექსები
653 _aხმა
942 _cBK
999 _c49064
_d49064